Cry Freedom Stage 6 (250 Headwords)

Сохранить в:
Библиографические подробности
Главный автор: Briley, John
Формат:
Опубликовано: Oxford Oxford Univ. Press 2000
Серии:Oxford Bookworms Library
Предметы:
Метки: Добавить метку
Нет меток, Требуется 1-ая метка записи!
Thư viện lưu trữ: Trung tâm Học liệu Lê Vũ Hùng, Trường Đại học Đồng Tháp
LEADER 00762pam a22002538a 4500
001 00027617
005 20171026081023.0
008 111207s2000 ||||||Engsd
020 # # |a 0194230813 
041 0 # |a Eng 
082 1 4 |a 813  |b CR600F 
100 1 # |a Briley, John 
245 1 0 |c John Briley  |a Cry Freedom  |b Stage 6 (250 Headwords) 
260 # # |a Oxford  |b Oxford Univ. Press  |c 2000 
300 # # |a 120p.  |b ill.  |c 20cm. 
490 # # |a Oxford Bookworms Library 
650 # 4 |a Văn học Mỹ  |x Truyện ngắn 
653 # # |a Văn học Mỹ hiện đại 
852 # # |b Kho đọc  |j KD.0012209 
852 # # |j KD.0012209 
910 0 # |a Ntuyet  |d 07/12/2011 
980 # # |a Trung tâm Học liệu Lê Vũ Hùng, Trường Đại học Đồng Tháp